000 01515nam a2200325 c 4500
003 BLK
005 20241227111724.0
008 180408b bul|||||r ||||||| ||bul||
010 _aKNG00085352000
020 _a978-954-09-0099-5
_bиздат.: Захарий Стоянов - на том(т. 11)
040 _aBLK
041 _aBUL
_cBUL
080 _aБългарска литература
_b821.163.2
_x(081.1)
_z821.163.2(081.1)
080 _aБългарска литература
_b821.163.2
_x-311.6
_z821.163.2-311.6
100 1 _aДончев, Антон Николов
_eпърви автор
_9365055
139 _aДончев, Антон Николов
_bД 78
245 1 0 _aСъбрани съчинения
_bВ 15 т. За том: Кн. 1
_cАнтон Николов Дончев.
_nТ. 11
_pТрите живота на Кракра
257 _aBGR
260 София
_c2003 -
_fЗа том: София : Д. Благоев
300 _c20 см
380 _aX
490 1 _aПоредица Българска класика
760 1 _3- на том(т. 11)
_aДончев, Антон Николов
_dЗахарий Стоянов, 2007
_nСъдържа : Земетръс ; Пещерата на Великата майка
_tТ. 11 Трите живота на Кракра
852 _aЦб 218535
856 4 _qpdf
_u
856 4 _qpdf
_u
942 _cKNG
_n0
_011
944 _aCR
_c03.09.2008
_k30534
_lРадостина Карадакова
944 _aED
_c10.12.2010
_k
999 _c80860
_d80860